000 00491nmm a2200157Ia 4500
008 251105s9999||||xx |||||||||||||||||und||
020 _a9789587845969
041 _aspa
100 _aRodríguez, Gloria Amparo
245 0 _aRetos para enfrentar el cambio climático en Colombia
264 _a[Bogotá, Colombia] :
_bUniversidad del Rosario,
_c2020
300 _a282 páginas
650 _aEnvironmental Sciences
856 _uhttps://public.digitaliapublishing.com/a/80624
942 _cCF
999 _c96440
_d96440